000 00730nam a22002297a 4500
003 UA-OsUOA
001 81629
007 ta
008 20120203b un ||||| |||| 00| 0 ukr d
100 _aБутенко А.
700 _aЛазарєва Є.
090 _a330(477)
_bБ93
942 _cSA
040 _aUA-OsUOA
_bukr
_cUA-OsUOA
_dUA-OsUOA
245 _aПрограмно-цільове планування як механізм розв'язаня проблем інноваційного розвитку економіки
300 _aС.4-9
955 _a0
041 _aukr
080 _a330(477)
773 0 _w81628
_tЕкономіст
_dК.
_d2011
_g12
650 7 _a330 Економіка взагалі
_2UDC
999 _c367950
_d367950